• 首页
  • 本馆介绍
  • 公告通知
  • 最新文献
  • 馆藏检索
  • 电子资源
  • 读者导购
  • 参考咨询
  • 我的图书馆
  • 登录
  • 详细信息显示
  • 放入我的书架
  • 预约/预借图书
  • 作者相关作品
  • 分类相关作品
  • 丛书相关作品
  • 出版社相关作品

书目信息

  • 表格格式
  • 工作单格式
  • 卡片格式
题名:
我的教育信条
    
 
作者: 杜威 著 ;彭正梅 译
分册:  
出版信息: 上海   上海人民出版社  2017
页数: 320页
开本: 21cm
丛书名: 世界教育名著译丛
单 册:
中图分类: G40-097.12
科图分类:
主题词:
电子资源:
ISBN: 978-7-208-14798-0
000 01194oam2 2200289 450
001 0104390484
005 20180425150418.0
010    @a978-7-208-14798-0@b精装@dCNY58.00
100    @a20180103d2017 em y0chiy0120 ea
101 1  @achi@ceng
102    @aCN@b310000
105    @ay z 000yy
106    @ar
200 1  @a我的教育信条@9Wo De;Di Jiao Yu;Yo Xin Tiao @e杜威论教育@eJohn Dewey on education@f(美)约翰·杜威(John Dewey)著@g彭正梅译@b专著@dMy pedagogic creed@zeng
210    @a上海@c上海人民出版社@d2017
215    @a320页@d21cm
225 2  @a世界教育名著译丛
330    @a本书精选了杜威论教育的14篇文章,包括《我的教育信条》《儿童与课程》《教师教育中理论与实践的关系》《我们如何思考》《民主主义与教育》《人性和行为》《确定性寻求》《伦理学》《作为经验的艺术》等。
461  0 @1001003147670
510 1  @aMy pedagogic creed@eJohn Dewey on education@zeng
517 1  @a杜威论教育@9du wei lun jiao yu
600  0 @a杜威@c(Dewey, John@f1859-1952)@x教育思想
690    @aG40-097.12@v5
701  0 @c(美)@a杜威@c(Dewey, John@f1859~1952)@4著@9du wei
702  0 @a彭正梅@f(1969~)@4译@9peng zheng mei
801  0 @aCN@bAZmarc@c20230904
905    @aBZT@dG40-097.12@e2@f3@sG40-097.12/2
    
    我的教育信条:杜威论教育:John Dewey on education/(美)约翰·杜威(John Dewey)著/彭正梅译=My pedagogic creed.-上海:上海人民出版社,2017
    320页;21cm.-(世界教育名著译丛)
    
    
    ISBN 978-7-208-14798-0(精装):CNY58.00
    本书精选了杜威论教育的14篇文章,包括《我的教育信条》《儿童与课程》《教师教育中理论与实践的关系》《我们如何思考》《民主主义与教育》《人性和行为》《确定性寻求》《伦理学》《作为经验的艺术》等。
●
相关链接 在五车中查询图书 在当当中查询图书 在豆瓣中查询图书


正题名:我的教育信条     索取号:G40-097.12/2         预约/预借

序号 登录号 条形码 馆藏地/架位号 状态 备注
1 2000026365   2000026365   旧书回溯/ [索取号:G40-097.12/2] 在馆    
2 2000026425   2000026425   旧书回溯/ [索取号:G40-097.12/2] 在馆    
3 2000026426   2000026426   旧书回溯/ [索取号:G40-097.12/2] 在馆    
山东省滨州职业学院图书馆 欢迎您!
大连网信软件有限公司© 版权所有